LEADER 00946nam a2200205 i 4500 001 000000168767 003 CaOOAMICUS 005 20161229000000.0 008 161229s1866 it u000 u ita u 013 $a146169 040 $aSeMil$bita 100 1 $aMarocco, Maurizio.$0(OLS)http://semarc/name/14429 245 10$aCenni storico-artistici intorno al Santuario di N. Donna d'Oropa sui monti di Biella /$cpel teol. prof. cav. Maurizio Marocco. 260 $aTorino :$bGiacinto Marietti,$c1866. 300 $a414 p, [1] c. di tav. :$bill. ;$c14 cm. 650 4$aOropa - Santuario di Oropa.$0(OLS)http://semarc/subject/45119 850 $aSeMil 852 $aSeMil$W1$xVenegono$y1$m3P I 70 FA$j119784$B119784$CSeMilBibl$Z2$F131117 $8I 996 $6245$aCenni storico-artistici intorno al Santuario di N. Donna d'Oropa sui monti di Biella$9(OLS)http://semarc/title/408877 996 $6260$aTorino :$bGiacinto Marietti$9(OLS)http://semarc/publisher/33229 LEADER 01129nam a2200241 i 4500 001 000000197525 003 CaOOAMICUS 005 20110225000000.0 008 110225s1986 gw u000 u ger u 013 $a176212 020 $a3-87088-435-5 040 $aSeMil$bita 100 1 $aNübold, Elmar.$0(OLS)http://semarc/name/71478 245 10$aEntstehung und Bewertung der neuen Perikopenordnung des Römischen Ritus für die Meßfeier an Sonn- und Festtagen /$cElmar Nübold. 260 $aPadeborn :$bBonifatius-Druckerei,$c1986. 300 $a451 p. ;$c23 cm. 650 4$aRito romano.$0(OLS)http://semarc/subject/16161 650 4$aPericope - Chiesa cattolica.$0(OLS)http://semarc/subject/37044 850 $aSeMil 852 $aSeMil$W1$xVenegono$y1$m3K III 375$j148084$B148084$CSeMilBibl$Z2$F160086 $81 996 $6020$a3-87088-435-5$9(OLS)http://semarc/number/189665 996 $6245$aEntstehung und Bewertung der neuen Perikopenordnung des Römischen Ritus für die Meßfeier an Sonn- und Festtagen$9(OLS)http://semarc/title/285218 996 $6260$aPadeborn :$bBonifatius-Druckerei$9(OLS)http://semarc/publisher/34025